Finding patterns in genomic data for recommendation systems
Gespeichert in:
| 1. Verfasser: | |
|---|---|
| Weitere Verfasser: | |
| Format: | Manuskript Buch |
| Sprache: | Slowakisch Englisch |
| Veröffentlicht: |
2024
|
| Schlagworte: | |
| Online-Zugang: | http://is.stuba.sk/zp/portal_zp.pl?podrobnosti=177100 |
| Tags: |
Keine Tags, Fügen Sie das erste Tag hinzu!
|
MARC
| LEADER | 00000ntm a22000003a 4500 | ||
|---|---|---|---|
| 001 | stuzp100125 | ||
| 003 | SK-STU | ||
| 005 | 20240608213414.4 | ||
| 007 | ta | ||
| 008 | 150427s2015----xo-----f-mn---000-0-slo-d | ||
| 040 | |a STU |b slo | ||
| 041 | 0 | |a eng | |
| 100 | 1 | |a Katkovčin, Martin |u 070200 |4 aut |U FIIT Fakulta informatiky a informačných technológií |T FIIT Ústav informatiky, informačných systémov a softvérového inžinierstva |X 102983 |U I200 |Y 179 |7 102983 | |
| 242 | 0 | 1 | |a Nachádzanie vzorov v genomických dátach pre odporúčacie systémy |y slo |
| 245 | 1 | 0 | |a Finding patterns in genomic data for recommendation systems |
| 260 | |c 2024 | ||
| 650 | 4 | |a Genomika |2 slo | |
| 650 | 4 | |a Odhaľovanie somatických mutácií |2 slo | |
| 650 | 4 | |a Dátové spracovanie |2 slo | |
| 650 | 4 | |a Somatic mutations discovery |2 eng | |
| 650 | 4 | |a Data preprocessing |2 eng | |
| 650 | 4 | |a Genomics |2 eng | |
| 700 | 1 | |a Kováč, Michal |u 070200 |k Z1 |4 ths |U FIIT Fakulta informatiky a informačných technológií |T FIIT Ústav informatiky, informačných systémov a softvérového inžinierstva |X 110756 |U I200 |Y 179 |7 110756 | |
| 856 | 4 | |u http://is.stuba.sk/zp/portal_zp.pl?podrobnosti=177100 | |